Quizzes
Events
Quiz Creation
Community
Videos
Private Events
Remove Ads
Sign In
Join for FREE
Feedback
Dark Mode
Quiz Categories
Sports
Geography
Music
Movies
Television
Just For Fun
Miscellaneous
History
Literature
Language
Science
Gaming
Entertainment
Religion
Holiday
For Kids
Quiz Lab
Recent
Popular Today
Quiz Kudos Today
Editor Picks
Curator Picks
Quizzes by...
Day
Popularity
Type
Ratings
Length
Year
Community
Subscriptions
Recent Discussions
Orange Saloon
Badges
Playlists
Quests
Create
Leaderboards
Showdown
Live 5
Trivia Bingo
Activity
Puzzle Library
Sporcle Events
Private Events
Virtual Trivia
Globe League
Become a Host
Pub Owners
SporcleCon
Opinionation
Our Games
Videos
Blog
Mobile Apps
Partnerships
Remove Ads and Go Orange
Feedback
Television
TV Characters
TV Show
Sitcom
Network
Friends
Reality Shows
Cast
South Park
Star Trek
The Simpsons
Doctor Who
Television
TV Characters
TV Show
Sitcom
Network
Friends
Reality Shows
Cast
South Park
Star Trek
The Simpsons
Doctor Who
Random Quiz
Search Sporcle
×
Quiz Lab
Quiz Lab
Television
Show
Click on answers out of a set of options
Click on answers out of a set of options
Multiple Choice
Best Score? Go Orange.
Game of Thrones TV Show Quiz Stats
Can you answer correctly all the questions? (seasons 1-6)
By
Colin33
8m
50 Questions
666 Plays
666 Plays
666 Plays
Comments
Comments
Give Quiz Kudos
Give Quiz Kudos
-
- Ratings
hide this ad
Random Order
Randomize order of answers
Randomize order of answers
Replay
Link that replays current quiz
Next Quiz
Link to next quiz in quiz playlist
You Got
0%
They Got
Avg Score
67%
Avg Friend Score
Upgrade to see
Score Distribution
Jump to the score distribution portion of the page
Score
0/50
Timer
08:00
0
Plays Today
Question
Answer
Wrong Answers
What is the name of the poorest slum in King's Landing?
Fleabottom
92.3%
Fernboiled
1.1%
Flackbroken
1.4%
Fameborn
1.7%
What kind of animal did Brienne of Tarth have to fight in a pit?
A grizzly bear
90.1%
A lion
1.7%
A polar bear
4.1%
A leopard
0.8%
Who assisted Ser Barristan Selmy in his sword fight with the Sons of the Harpy?
Grey Worm
89.9%
Brown Flea
1.5%
Black Runt
0.6%
Yellow Dog
0.9%
How did King Joffrey die?
He drank poisoned wine
89.6%
He choked on a chicken bone
0.6%
He jumped out of the window (suicide)
0.5%
He was shot by a crossbow
0.3%
Which type of animal killed Robert Baratheon?
A boar
88%
A stag
5.4%
A panther
0.5%
A snake
0.6%
What is the name of Arya's sword?
Needle
86.6%
Stinger
0.5%
Heart Eater
0.2%
Oath Keeper
0.3%
Who has been afflicted by the disease known as 'greyscale'?
Ser Jorah Mormont
86.5%
Theon Greyjoy
1.1%
Ser Barristan Selmy
0.8%
All of the answers
1.2%
Whose participation clinched the battle of Winterfell for Jon Snow and Sansa Stark?
The Knights of the Vale
85.7%
Rickon Stark
1.7%
Arya Stark
0.9%
The Free Folk
4.2%
Who killed Jon Arryn?
Lysa Arryn
84.8%
Ned Stark
1.7%
Robert Baratheon
4.5%
Cersei Lannister
7.8%
What was Jon Snow's first job at Castle Black?
Steward
84.1%
Ranger
2.3%
First Ranger
1.2%
Combat instructor
3.5%
Who is Jaqen H'gar?
No one
83.8%
A soldier
2.4%
A king
0.2%
A dancer
0.9%
What is the name of the leader of the 2nd Sons?
Daario Naharis
82%
Ser Barristan Selmy
2.7%
Grey Worm
3.3%
Ser Jorah Mormont
1.4%
In which season of the show does winter come?
6th season
79.9%
4th season
3.5%
2nd season
2.3%
5th season
8.4%
Where was Syrio Forel from?
Bravos
79.1%
Dorne
3.2%
Westeros
1.8%
The Summer Islands
3.6%
Why does Ser Davos Seaworth have missing fingers?
Stannis ordered them cut off
79%
He lost them in a tavern knife fight
4.8%
Melisandre cut them off
1.5%
He lost them in a sailing accident
6.2%
Which of these characters is not a dedicated servant of the Lord of Light?
Sandor Clegane
77.1%
Ser Beric Dondarrion
2%
Thoros of Myr
2.8%
Melisandre
3.3%
Which house did Maester Aemon belong to?
Targaryen
75.9%
Stark
2.5%
Lannister
2.1%
Tyrell
2.1%
What colour is wildfire when it burns?
Green
75.7%
Red
1.1%
Blue
3.3%
White
0.9%
Who is known as 'the spider'?
Lord Varys
74.8%
Lord Petyr Baelish
3.8%
Lord Tywin Lannister
1.6%
Ser Alliser Thorne
2.8%
What does 'Valar Morghulis' mean?
All men must die
74.7%
All men must serve
7.1%
All men must pray
0.8%
All men must fight
0.9%
What was Oberyn Martell's nickname?
The Red Viper
74.2%
The Sand Viper
12.6%
The Black Viper
3.5%
The White Viper
1.4%
Where was Talisa Stark originally from?
Volantis
73.6%
Meereen
5.4%
Yunkai
3.9%
Qarth
5.4%
What is Daenerys Stormborn immune to?
Fire and Heat
72.2%
Heat and Poison
0.6%
Poison and Fire
1.6%
Cold and Fire
0.6%
What did Khal Drogo call Daenerys?
Moon of my life
71.9%
My sun and my stars
18.2%
Sun of my life
4.1%
The sun, the moon and the stars
4.1%
Who has Podrick Payne been a squire for?
Tyrion and Brienne
71.9%
Bronn and Brienne
3.5%
Tyrion and Bronn
5.5%
Brienne and Little Finger
1.3%
Which cousin did Jaime Lannister kill when he was a prisoner of Robb Stark, and how did he do it?
Alton Lannister - Strangles him
71.8%
Tytos Lannister - Stabs him
5.6%
Gerion Lannister - Punches him in throat
4.1%
Lancel Lannister - Drowns him in mud
9%
Who was Master of Coin before Tyrion Lannister was given the job?
Petyr Baelish
71.3%
Kevan Lannister
4.6%
Varys
1.7%
Jamie Lannister
1.1%
Who killed Ser Arthur Dayne?
Ned Stark and Howland Reed
69.8%
Robert Baratheon and Ned Stark
6.9%
Howland Reed and Robert Baratheon
4.8%
None of the answers
12.6%
Who is the leader of the Brotherhood Without Banners?
Ser Beric Dondarrion
68.8%
Ser Gregor Clegane
2.5%
Thoros of Myr
12.9%
Sandor Clegane
1.7%
How many husbands has Margaery Tyrell had?
3
68.1%
4
1.3%
2
11%
5
0.8%
What was the High Sparrow's former job, before he became a religious leader?
Shoemaker
66.5%
Baker
7.8%
Brewer
6.2%
Chemist
5.6%
Who cuts off Jaime Lannister's hand?
Locke
66.1%
Ramsay Bolton (Snow)
2.1%
Roose Bolton
3.3%
Lord Karstark
6.5%
Who cut off Ned Stark's head?
Ser Ilyn Payne
65.9%
Ser Meryn Trant
4.1%
Ser Gregor Clegane
4.1%
Ser Jaime Lannister
0.8%
Who is the biggest of these characters?
Wun Wun
65%
The Hound
1.2%
The Mountain
21.8%
Hodor
3.8%
Who is the 'Blackfish'?
Catelyn Stark's uncle
64%
Catelyn Stark's father
4.1%
Catelyn Stark's brother
9.6%
Catelyn Stark's older cousin
2.5%
Who is the leader of the rebellion against the rulers of Dorne?
Elia Sand
62.3%
Olenna Tyrell
6%
Doran Martell
4.3%
Trystane Martell
1.6%
Who did Bronn kill at the Eyrie, during Tyrion's trial by combat?
Ser Vardis Egan
62%
Ser Dragos Eyden
7.8%
Ser Davos Eden
7.4%
Ser Vondus Ellen
8.7%
What is the name of Lord Randyll Tarly's valyrian steel sword?
Heart's Bane
61.6%
Heart Eater
8.1%
Oath Keeper
6.7%
Long Claw
8.4%
How did Mace Tyrell die?
Burned alive
60.3%
Stabbed
5.8%
Poisoned
4.7%
Buried alive
7.7%
Who flashed himself naked at Osha?
Hodor
57.7%
Theon Greyjoy
22.5%
Ramsay Snow
11.4%
Bran Stark
0.5%
Which of these characters has not been Warden of the North?
Jon Snow
56.9%
Ramsay Bolton
8.8%
Ned Stark
2.5%
Roose Bolton
7.7%
Who said this: 'Dead men don't need silver'.
Sandor Clegane
56.6%
Ser Gregor Clegane
8.5%
Thoros of Myr
4.9%
LittleFinger
11.7%
Where do we first see Qyburn?
At Harrenhal
53.2%
At Sunspear
4.7%
At Winterfell
7.8%
At King's Landing
16.9%
Who was Warden of the West before his untimely death?
Tywin Lannister
52.2%
Jaime Lannister
1.1%
Kevan Lannister
9.8%
Oberyn Martell
12%
Who killed Craster?
Karl
49%
Joer Mormont
7.4%
Jon Snow
17.8%
Grenn
10.5%
What is the 'Iron price'?
Paying nothing for something
48.7%
Paying half the value of something
3.8%
Paying only with iron coins
8.5%
Paying only what you can afford
13.9%
Which member of the Night's Watch told a story about eating a bear's testicles?
Yoren
48.3%
Janos Slynt
10.4%
Benjen Stark
5.5%
Karl
12.9%
What type of food does Tyrion say he masturbated into, when recounting his past 'crimes'?
Turtle stew
40.1%
Venison stew
22.7%
Rabbit stew
24.5%
Duck stew
7.7%
Which tribe was not part of Mance Rayder's army?
The Stone Crows
29.7%
The Hornfoots
9.1%
The Cave People
24.9%
The Thenns
15.1%
What did Syrio Forel call Arya when they first met?
All of the answers
28.7%
A boy
53.2%
A girl
11.6%
A sword
2.9%
Quiz Playlist
Details
Report
Send in Message
Add To Playlist
Multiple Choice:
Click on answers out of a set of options
Random Order:
Randomize order of answers
Last Updated: Feb 16, 2017
Quiz Scoreboard
CHALLENGE
Sign Up to Join the Scoreboard
Show All
Scores
Hide
Comments
May contain spoilers
Recently Published
Alphabetical 'K' Countries by Flag Minefield
by ylime102
Geography
3m
Pick 6: Fruits
by JohnFran
Miscellaneous
15s
Click the 1999 NBA Draft
by nibperrychub
Sports
2m
More to Explore
Quiz From the Vault
Featured Blog Post
15 Basketball Trivia Facts You Can Be March Mad About
hide this ad
You Might Also Like...
Tags
Show Quiz
season
throne
Today's Top Quizzes in Television
Browse Television
hide this ad
Today's Top Quizzes in Show
Browse Show
Top Contributed Quizzes in Television
1
Hidden Simpsons Character
2
First Name TV: Leading Men
3
Hidden Simpsons Character XXIV
4
First Name TV: Leading Women Drama
5
Pick A Pair: Religious TV
6
Hidden Simpsons Character XXV
7
Demon Slayer Impossible Quiz
8
Hidden Simpsons Character XXVI
9
One Piece Logic Puzzle
10
I See Dead People
Explore More
Trending Topics
Marvel
NBA
Kpop
Crossword
Harry Potter
Anime
Disney
Country
Puzzle
WWE
Song
Soccer
Pokémon
The Office
NFL
hide this ad
More By:
Colin33
Quiz
Plays
Rating
Category
Featured
Created
Game of Thrones TV Show Quiz
666
4.33
Television
Nov 24, 2016
Biblical deaths
72
3.67
Religion
Apr 24, 2013
Go to Creator's Profile
Score Distribution
Quiz Creator Spotlight
Colin33
Follow
Send a Message
Quizzes Created
-
Created Quiz Play Count
-
More By This Creator
Popular Quizzes Today
1
Countries of Asia Without Outlines Minefield
2
Find the US States - No Outlines Minefield
3
Pick 6: Fruits
4
Alphabetical 'K' Countries by Flag Minefield
5
The Countries of the World
6
Find the US States
7
US States
8
Match the Book to the Film X
More Television Quizzes
SNL - Leslie Jones Impressions
Published
Trending Quizzes
Pick 6: Mountains
Pick 6: Harry Potter
Pick 6: NFL Teams
Pick 6: Movie Franchises
Pick 6: Golfers
Recently Updated
NWSL Teams
pecheneg
Women's Final Four Teams by Year
bhenderson79
Presidents Quartet II
eogle
Anything But Clue(do)
eogle
Anything But Oceanian Capitals
eogle
Anything But 7
eogle
Anything But Thing
eogle
Word Ladder: February 29
pecheneg
Song Title Questions
pecheneg
Women's NCAA Tournament #1 Seeds
pecheneg
Trending Topics
Marvel
NBA
Crossword
Anime
Harry Potter
Kpop
Disney
NFL
Country
Soccer
The Office
Puzzle
WWE
Song
Pokémon
Your Account Isn't Verified!
In order to create a playlist on Sporcle, you need to verify the email address you used during registration. Go to your
Sporcle Settings
to finish the process.
Report this User
Report this user for behavior that violates our
Community Guidelines
.
Details:
Send Report
Go to the Sporcle.com Mobile Site →
Comments